LDR 00831naa#a2200169#i#450# 001 EN\\bibl\19934 005 20260701101935.3 100 ## _a20260630b2026####ek#y0engy0150####ca 102 ## _aRU 200 1# _aA SYSTEM-DYNAMIC MODEL FOR OPTIMIZING AND ANALYZING THE DISTRIBUTION OF THE DEPARTMENT'S ACADEMIC LOAD IN CONDITIONS OF UNCERTAINTY _eConference article/thesis 210 1# _aVoronezh _cFSBE Institution of Higher Education Voronezh State University of Forestry and Technologies named after G.F. Morozov _d2026 215 ## _a5 с. 608 ## _aConference article/thesis _2local 675 ## _aИнформационные технологии. Компьютерные технологии. Теория вычислительных машин и систем. 004 _z 700 #1 _aErokhina _gK. Yu. 700 #1 _aTyunina _gA. M. 856 4# _abibl.vgltu.ru _u